<?xml version="1.0" encoding="UTF-8"?>
<collection xmlns="http://www.loc.gov/MARC21/slim">
 <record>
  <leader>01200nam a22002775a 4500</leader>
  <controlfield tag="001">31216</controlfield>
  <controlfield tag="003">BD-DhAAL</controlfield>
  <controlfield tag="005">20190519123426.0</controlfield>
  <controlfield tag="008">160803s2012    ne ae         000 0 eng  </controlfield>
  <datafield tag="999" ind1=" " ind2=" ">
   <subfield code="c">37741</subfield>
   <subfield code="d">37741</subfield>
  </datafield>
  <datafield tag="020" ind1=" " ind2=" ">
   <subfield code="a">9789063692872</subfield>
  </datafield>
  <datafield tag="020" ind1=" " ind2=" ">
   <subfield code="a">9063692870</subfield>
  </datafield>
  <datafield tag="040" ind1=" " ind2=" ">
   <subfield code="a">DLC</subfield>
   <subfield code="c">DLC</subfield>
   <subfield code="d">BD-DhAAL</subfield>
  </datafield>
  <datafield tag="082" ind1=" " ind2=" ">
   <subfield code="2">23</subfield>
   <subfield code="a">721.0285</subfield>
  </datafield>
  <datafield tag="100" ind1="1" ind2=" ">
   <subfield code="a">Agkathidis, Asterios,</subfield>
   <subfield code="d">1974-</subfield>
   <subfield code="9">20243</subfield>
  </datafield>
  <datafield tag="245" ind1="1" ind2="0">
   <subfield code="a">Computational architecture /</subfield>
   <subfield code="c">Asterios Agkathidis.</subfield>
  </datafield>
  <datafield tag="246" ind1="1" ind2=" ">
   <subfield code="i">Subtitle on cover:</subfield>
   <subfield code="a">Digital designing tools and manufacturing techniques</subfield>
  </datafield>
  <datafield tag="260" ind1=" " ind2=" ">
   <subfield code="a">Amsterdam :</subfield>
   <subfield code="b">BIS Publishers,</subfield>
   <subfield code="c">2012.</subfield>
  </datafield>
  <datafield tag="300" ind1=" " ind2=" ">
   <subfield code="a">159 p. :</subfield>
   <subfield code="b">ill. (some col.), plans ;</subfield>
   <subfield code="c">15 cm.</subfield>
  </datafield>
  <datafield tag="526" ind1=" " ind2=" ">
   <subfield code="a">ARC</subfield>
  </datafield>
  <datafield tag="541" ind1=" " ind2=" ">
   <subfield code="e">31216</subfield>
  </datafield>
  <datafield tag="610" ind1="2" ind2="0">
   <subfield code="a">Jamiah al-Lubnaniyah al-Amirikiyah.</subfield>
   <subfield code="9">20244</subfield>
  </datafield>
  <datafield tag="650" ind1=" " ind2="0">
   <subfield code="a">Architecture</subfield>
   <subfield code="x">Data processing</subfield>
   <subfield code="x">Study and teaching (Higher)</subfield>
   <subfield code="z">Lebanon.</subfield>
   <subfield code="9">20245</subfield>
  </datafield>
  <datafield tag="650" ind1=" " ind2="0">
   <subfield code="a">Architecture</subfield>
   <subfield code="x">Computer-aided design</subfield>
   <subfield code="x">Study and teaching (Higher)</subfield>
   <subfield code="z">Lebanon.</subfield>
   <subfield code="9">20246</subfield>
  </datafield>
  <datafield tag="942" ind1=" " ind2=" ">
   <subfield code="2">ddc</subfield>
   <subfield code="c">BK</subfield>
  </datafield>
  <datafield tag="952" ind1=" " ind2=" ">
   <subfield code="0">0</subfield>
   <subfield code="1">0</subfield>
   <subfield code="2">ddc</subfield>
   <subfield code="4">0</subfield>
   <subfield code="6">721_028500000000000_AGK</subfield>
   <subfield code="7">0</subfield>
   <subfield code="9">59502</subfield>
   <subfield code="a">BRACUL</subfield>
   <subfield code="b">BRACUL</subfield>
   <subfield code="c">GEN</subfield>
   <subfield code="d">2016-08-03</subfield>
   <subfield code="e">Karim International</subfield>
   <subfield code="g">1600.00</subfield>
   <subfield code="l">3</subfield>
   <subfield code="m">5</subfield>
   <subfield code="o">721.0285 AGK</subfield>
   <subfield code="p">3010031216</subfield>
   <subfield code="r">2024-06-26</subfield>
   <subfield code="s">2024-06-03</subfield>
   <subfield code="t">1</subfield>
   <subfield code="w">2016-08-03</subfield>
   <subfield code="y">BK</subfield>
   <subfield code="x">Transferred from ARC to BRACUL on 28/12/2023; Water-Damaged Book</subfield>
  </datafield>
 </record>
</collection>
